Operating System Concepts (Record no. 15685)
[ view plain ]
| 000 -LEADER | |
|---|---|
| fixed length control field | 00420nam a2200169Ia 4500 |
| 008 - FIXED-LENGTH DATA ELEMENTS--GENERAL INFORMATION | |
| fixed length control field | 221030s9999 xx 000 0 und d |
| 020 ## - INTERNATIONAL STANDARD BOOK NUMBER | |
| ISBN | 8126554270 |
| 041 ## - LANGUAGE CODE | |
| Language code of text/sound track or separate title | |
| 100 ## - MAIN ENTRY--AUTHOR NAME | |
| Personal name | A. Silberchatz |
| 245 #0 - TITLE STATEMENT | |
| Title | Operating System Concepts |
| Statement of responsibility, etc | by A. Silberchatz, P. B. Galvin |
| 250 ## - EDITION STATEMENT | |
| Edition statement | 9th |
| 260 ## - PUBLICATION, DISTRIBUTION, ETC. (IMPRINT) | |
| Name of publisher | Wiley India |
| Place of publication | Delhi |
| Year of publication | 2015 |
| 300 ## - PHYSICAL DESCRIPTION | |
| Number of Pages | 856 |
| 650 ## - SUBJECT ADDED ENTRY--TOPICAL TERM | |
| Topical Term | Computers |
| 700 ## - ADDED ENTRY--PERSONAL NAME | |
| Personal name | P. B. Galvin |
| 942 ## - ADDED ENTRY ELEMENTS (KOHA) | |
| Koha item type | Books |
| Accession Number | Cost, normal purchase price | Bill Date | Source of acquisition | Price effective from | Koha item type | Withdrawn / writtenoff status | Materials specified (bound volume or other part) | Damaged status | Not for loan | Permanent Location | Current Location | Shelving location | Date acquired | Lost/ Missing status | department |
|---|---|---|---|---|---|---|---|---|---|---|---|---|---|---|---|
| M 2945 | 599.00 | 3898 | RKB | 10/30/2022 | Books | Not For Loan | MIET Library, Jammu | MIET Library, Jammu | BL-Academic Block B, FL-2, CUP-97, SH-3, R-3 | 10/20/2015 | MCA | ||||
| M 2946 | 599.00 | 3898 | RKB | 10/30/2022 | Books | MIET Library, Jammu | MIET Library, Jammu | BL-Academic Block B, FL-2, CUP-81, SH-5, R-5 | 10/20/2015 | MCA | |||||
| M 2947 | 599.00 | 3898 | RKB | 10/30/2022 | Books | MIET Library, Jammu | MIET Library, Jammu | BL-Academic Block B, FL-2, CUP-81, SH-5, R-5 | 10/20/2015 | MCA | |||||
| M 3056 | 599.00 | 3979 | RKB | 10/30/2022 | Books | MIET Library, Jammu | MIET Library, Jammu | BL-Academic Block B, FL-2, CUP-81, SH-4, R-4 | 12/18/2015 | MCA | |||||
| M 3057 | 599.00 | 3979 | RKB | 10/30/2022 | Books | MIET Library, Jammu | MIET Library, Jammu | BL-Academic Block B, FL-2, CUP-81, SH-4, R-4 | 12/18/2015 | MCA | |||||
| M 3058 | 599.00 | 3979 | RKB | 10/30/2022 | Books | MIET Library, Jammu | MIET Library, Jammu | BL-Academic Block B, FL-2, CUP-81, SH-4, R-4 | 12/18/2015 | MCA | |||||
| M 3065 | 599.00 | 3979 | RKB | 10/30/2022 | Books | MIET Library, Jammu | MIET Library, Jammu | BL-Academic Block B, FL-2, CUP-81, SH-4, R-4 | 12/18/2015 | MCA | |||||
| M 3066 | 599.00 | 3979 | RKB | 10/30/2022 | Books | MIET Library, Jammu | MIET Library, Jammu | BL-Academic Block B, FL-2, CUP-81, SH-4, R-4 | 12/18/2015 | MCA | |||||
| M 3067 | 599.00 | 3979 | RKB | 10/30/2022 | Books | MIET Library, Jammu | MIET Library, Jammu | BL-Academic Block B, FL-2, CUP-81, SH-4, R-4 | 12/18/2015 | MCA | |||||
| BB 772 | 599.00 | 3980 | RKB | 10/30/2022 | Books | MIET Library, Jammu | MIET Library, Jammu | BL-Academic Block B, FL-2, CUP-104, SH-1, R-1 | 02/04/2016 | BB |